<?xml version="1.0" encoding="UTF-8"?>
<record
    xmlns:xsi="http://www.w3.org/2001/XMLSchema-instance"
    xsi:schemaLocation="http://www.loc.gov/MARC21/slim http://www.loc.gov/standards/marcxml/schema/MARC21slim.xsd"
    xmlns="http://www.loc.gov/MARC21/slim">

  <leader>00884na  a2200241   4500</leader>
  <controlfield tag="001">18634</controlfield>
  <controlfield tag="003">MIRAKIL</controlfield>
  <controlfield tag="005">20181213155124.0</controlfield>
  <controlfield tag="008">161122b        tu            000 0      </controlfield>
  <datafield tag="035" ind1=" " ind2=" ">
    <subfield code="a">18634</subfield>
  </datafield>
  <datafield tag="040" ind1=" " ind2=" ">
    <subfield code="a">Milas</subfield>
    <subfield code="b">tur</subfield>
    <subfield code="c">TR-AnCHP</subfield>
  </datafield>
  <datafield tag="041" ind1=" " ind2=" ">
    <subfield code="a">tur</subfield>
  </datafield>
  <datafield tag="082" ind1=" " ind2=" ">
    <subfield code="a">331.88</subfield>
    <subfield code="b">K96 1992</subfield>
  </datafield>
  <datafield tag="090" ind1=" " ind2=" ">
    <subfield code="a">331.88 K96 1992</subfield>
  </datafield>
  <datafield tag="245" ind1=" " ind2=" ">
    <subfield code="a">K&#xFC;reselle&#x15F;me uluslararas&#x131; dayan&#x131;&#x15F;ma</subfield>
    <subfield code="b">Sivil havac&#x131;l&#x131;k end&#xFC;strisinin k&#xFC;reselle&#x15F;mesi ve bunun i&#x15F;&#xE7;iler &#xFC;zerindeki etkiler</subfield>
    <subfield code="c">ITF, Hava &#x130;&#x15F;</subfield>
  </datafield>
  <datafield tag="260" ind1=" " ind2=" ">
    <subfield code="a">Londra</subfield>
    <subfield code="b">ITF</subfield>
    <subfield code="c">1992</subfield>
  </datafield>
  <datafield tag="300" ind1=" " ind2=" ">
    <subfield code="a">108 s.</subfield>
    <subfield code="c">28 sm.</subfield>
  </datafield>
  <datafield tag="500" ind1=" " ind2=" ">
    <subfield code="a">Uluslararas&#x131; Ula&#x15F;&#x131;m &#x130;&#x15F;&#xE7;ileri Federasyonu, (ITF) Sivil Havac&#x131;l&#x131;k Konferans&#x131; i&#xE7;in haz&#x131;rlanm&#x131;&#x15F; bir rapor.</subfield>
  </datafield>
  <datafield tag="650" ind1=" " ind2=" ">
    <subfield code="a">Sivil havac&#x131;l&#x131;k</subfield>
    <subfield code="x">&#x130;&#x15F;&#xE7;iler</subfield>
    <subfield code="y">Toplant&#x131;lar</subfield>
  </datafield>
  <datafield tag="650" ind1=" " ind2=" ">
    <subfield code="a">K&#xFC;reselle&#x15F;me</subfield>
    <subfield code="x">&#x130;&#x15F;&#xE7;i sendikalar&#x131;</subfield>
  </datafield>
  <datafield tag="710" ind1=" " ind2=" ">
    <subfield code="a">Uluslararas&#x131; Ula&#x15F;&#x131;m &#x130;&#x15F;&#xE7;ileri Federasyonu (ITF)</subfield>
  </datafield>
  <datafield tag="942" ind1=" " ind2=" ">
    <subfield code="2">ddc</subfield>
    <subfield code="c">BKS</subfield>
  </datafield>
  <datafield tag="952" ind1=" " ind2=" ">
    <subfield code="a">0001</subfield>
    <subfield code="b">0001</subfield>
    <subfield code="d">2016-11-22</subfield>
    <subfield code="e">2</subfield>
    <subfield code="l">0</subfield>
    <subfield code="o">331.88 K96 1992</subfield>
    <subfield code="p">008855</subfield>
    <subfield code="r">2016-11-22 00:00:00</subfield>
    <subfield code="v">0.00</subfield>
    <subfield code="w">2016-11-22</subfield>
    <subfield code="y">BKS</subfield>
  </datafield>
  <datafield tag="999" ind1=" " ind2=" ">
    <subfield code="c">6956</subfield>
    <subfield code="d">6956</subfield>
  </datafield>
</record>
